| 000 | 00000nas 2200000za 4500 |
| 001 | 9.855489 |
| 003 | CaOODSP |
| 005 | 20221107155319 |
| 007 | cr ||||||||||| |
| 008 | 180418d19741986oncar p oss f0###b0fre|d |
| 022 | |y0700-2009 |
| 040 | |aCaOODSP|bfre |
| 041 | |aeng|afre |
| 043 | |an-cn--- |
| 086 | 1 |aCS12-201-PDF |
| 086 | 1 |aCS12-549-PDF |
| 245 | 00|aChanges to municipal boundaries, status and names |h[ressource électronique] / |cStatistics Canada, Characteristics Division = Changements de limites, de statut et de nom des municipalités / Statistique Canada, Division des caractéristiques. |
| 246 | 11|aChangements de limites, de statut et de nom des municipalités |
| 260 | |aOttawa : |bStatistics Canada = Statistique Canada, |c1976-1988. |
| 310 | |aAnnuel |
| 362 | 0 |a1974-1986. |
| 500 | |aÉdition numérisée de l’imprimé [par Statistique Canada]. |
| 546 | |aTexte en anglais et en français. |
| 550 | |aPubl. 1978-1982 par le Groupe de la géographie; 1983-1986 par la Division de la géographie. |
| 692 | 07|2gccst|aFrontière |
| 692 | 07|2gccst|aMunicipalité |
| 710 | 1 |aCanada.|bStatistique Canada.|bDivision de la géographie. |
| 710 | 2 |aStatistique Canada.|bDivision des caractéristiques du recensement. |
| 710 | 2 |aStatistique Canada.|bGroupe de la géographie. |
| 791 | |tChanges to municipal boundaries, status and names |eeng|w(CaOODSP)9.855486 |